[Event "AUTO-MASTER-2398"]
[Site "http://www.queenalice.com/game.php?id=1397853"]
[Date "2015.12.8"]
[Round "1"]
[White "LuisGabriel_HD"]
[Black "Lightbug"]
[Result "1-0"]
[WhiteElo "1898"]
[BlackElo "2054"]

1. e4 e6 2. d4 d5 3. e5 c5 4. dxc5 Bxc5 5. Bb5+ Nc6 6. Bxc6+ bxc6 7. Nf3 Ne7 8.
Bg5 Qc7 9. Bxe7 Bxe7 10. Nc3 Ba6 11. Qd4 c5 12. Qa4+ Qd7 13. Qxa6 O-O 14. Qd3 c4
15. Qd4 f6 16. O-O-O a5 17. Ne4 Qb7 18. Nc5 Bxc5 19. Qxc5 Rfb8 20. Qd4 fxe5 21.
Qxe5 Qb6 22. Ng5 Ra6 23. Rhe1 Qxf2 24. Qxb8+ 1-0

[Event "AUTO-MASTER-2398"]
[Site "http://www.queenalice.com/game.php?id=1397854"]
[Date "2015.12.8"]
[Round "1"]
[White "Lightbug"]
[Black "Zugswang"]
[Result "0-1"]
[WhiteElo "2122"]
[BlackElo "2255"]

1. d4 Nf6 2. c4 c5 3. d5 b5 4. Nf3 bxc4 5. Nc3 g6 6. e4 d6 7. Bxc4 Bg4 8. O-O
Bg7 9. Be2 Bxf3 10. Bxf3 Nbd7 11. Be2 O-O 12. Bg5 h6 13. Bf4 g5 14. Bg3 Nh7 15.
Qc2 Ne5 16. f4 gxf4 17. Bxf4 Qb6 18. Be3 Rab8 19. b3 Nf6 20. Rab1 Nfg4 21. Bxg4
Nxg4 22. Qd2 Nxe3 23. Qxe3 Bd4 0-1

[Event "AUTO-MASTER-2398"]
[Site "http://www.queenalice.com/game.php?id=1397855"]
[Date "2015.12.8"]
[Round "1"]
[White "Zugswang"]
[Black "Lightbug"]
[Result "1-0"]
[WhiteElo "2220"]
[BlackElo "2101"]

1. e4 e6 2. d4 d5 3. Nd2 Nf6 4. e5 Nfd7 5. Bd3 c5 6. c3 Nc6 7. Ne2 Qb6 8. Nf3
cxd4 9. cxd4 f6 10. exf6 Nxf6 11. O-O Bd6 12. a3 O-O 13. b4 Bd7 14. Be3 Ne7 15.
h3 Bb5 16. Rc1 Bxd3 17. Qxd3 Rac8 18. Ng3 Bxg3 19. fxg3 Rxc1 20. Rxc1 Nf5 21.
Bf2 Ne4 22. g4 Nxf2 23. Kxf2 Nxd4 24. Rc5 Nc6 25. Ke2 Ne7 26. Ne5 Qd6 27. Qd4 b6
28. Rc3 Qd8 29. h4 Nc8 30. g5 Qe8 31. h5 Qxh5+ 32. Qg4 Qxg4+ 33. Nxg4 Re8 34.
Rc7 a6 35. Rc6 Kf8 36. Ne5 Ke7 37. Ke3 Rd8 38. Kd4 Rf8 39. Rc7+ Kd8 40. Rxg7
Rf4+ 41. Kd3 Rf5 42. Nc6+ Ke8 43. g6 hxg6 44. Rxg6 e5 45. Rg7 a5 46. Rc7 Nd6 47.
Re7+ Kf8 48. Rxe5 axb4 49. Rxf5+ Nxf5 50. Nxb4 1-0

[Event "AUTO-MASTER-2402"]
[Site "http://www.queenalice.com/game.php?id=1399275"]
[Date "2015.12.17"]
[Round "1"]
[White "Lightbug"]
[Black "clovis"]
[Result "0-1"]
[WhiteElo "2117"]
[BlackElo "1986"]

1. d4 d5 2. c4 c6 3. Nf3 e6 4. Nc3 Nf6 5. e3 Nbd7 6. Bd3 Bd6 7. O-O dxc4 8. Bxc4
O-O 9. Re1 e5 10. dxe5 Nxe5 11. Nxe5 Bxe5 12. Qc2 Bxh2+ 13. Kxh2 Ng4+ 14. Kg1
Qh4 15. Ne4 Qh2+ 16. Kf1 Qh1+ 17. Ke2 Qxg2 18. Bd2 Nxf2 19. Nxf2 Bg4+ 20. Kd3
Qxf2 21. Kc3 Rad8 22. Rh1 Bf5 23. Raf1 Qxf1 24. Rxf1 Bxc2 25. Kxc2 h5 26. Rh1 g6
27. Bc3 Rfe8 28. Re1 Re4 29. Bd3 Ree8 30. e4 Kh7 31. e5 b5 32. Bb4 Rd5 33. Bc3
a6 34. Be4 Rc5 35. Kb3 Kg7 36. e6+ Rxc3+ 37. Kxc3 Rxe6 38. Kd2 g5 39. Re2 g4 40.
Bd3 Rxe2+ 41. Kxe2 Kh6 42. Be4 c5 43. Kf2 Kg5 44. Bb7 a5 45. Bc6 b4 0-1

[Event "AUTO-MASTER-2402"]
[Site "http://www.queenalice.com/game.php?id=1399276"]
[Date "2015.12.17"]
[Round "1"]
[White "clovis"]
[Black "Lightbug"]
[Result "0-1"]
[WhiteElo "2033"]
[BlackElo "2125"]

1. e4 e6 2. d4 d5 3. exd5 exd5 4. Nf3 Nf6 5. Bd3 Bd6 6. O-O O-O 7. Bg5 Bg4 8.
Re1 Nbd7 9. c4 dxc4 10. Bxc4 c6 11. Qb3 Qc7 12. Nbd2 h6 13. Bxf6 Nxf6 14. Ne5
Bf5 15. Re3 Rae8 16. Rae1 Bxe5 17. dxe5 Ng4 18. e6 Qxh2+ 19. Kf1 Nxe3+ 20. Rxe3
Bxe6 21. Bxe6 Rxe6 0-1

[Event "AUTO-MASTER-2402"]
[Site "http://www.queenalice.com/game.php?id=1399277"]
[Date "2015.12.17"]
[Round "1"]
[White "Lightbug"]
[Black "TheWatcher"]
[Result "0-1"]
[WhiteElo "2137"]
[BlackElo "2190"]

1. d4 Nf6 2. c4 e6 3. Nf3 c5 4. e3 d5 5. cxd5 exd5 6. Nc3 Nc6 7. a3 Bg4 8. Be2
a6 9. O-O Be7 10. h3 Bh5 11. dxc5 Bxc5 12. Nh2 Bxe2 13. Qxe2 O-O 14. Rd1 Re8 15.
Qf3 Ne5 16. Qe2 Qd6 17. Nf3 Rad8 18. Nxe5 Qxe5 19. Bd2 g5 20. Na4 Bd6 21. Bc3
Qh2+ 0-1

[Event "AUTO-MASTER-2402"]
[Site "http://www.queenalice.com/game.php?id=1399278"]
[Date "2015.12.17"]
[Round "1"]
[White "TheWatcher"]
[Black "Lightbug"]
[Result "1-0"]
[WhiteElo "2200"]
[BlackElo "2127"]

1. e4 e6 2. d4 d5 3. Nc3 Bb4 4. e5 Ne7 5. a3 Bxc3+ 6. bxc3 c5 7. Nf3 Nbc6 8. Bg5
Qa5 9. Bd2 cxd4 10. cxd4 Qc7 11. Bd3 Bd7 12. c3 Ng8 13. O-O Nge7 14. Nh4 Ng6 15.
Bg5 Nxh4 16. Bxh4 Ne7 17. Qd2 Ng6 18. Bg3 Qa5 19. Rfb1 Qc7 20. f4 b6 21. f5 exf5
22. e6 Qc8 23. exd7+ Qxd7 24. Bb5 1-0

[Event "AUTO-MASTER-2402"]
[Site "http://www.queenalice.com/game.php?id=1399279"]
[Date "2015.12.17"]
[Round "1"]
[White "Lightbug"]
[Black "KLEOJ"]
[Result "1/2-1/2"]
[WhiteElo "1983"]
[BlackElo "2111"]

1. d4 Nc6 2. c4 e5 3. dxe5 Nxe5 4. e3 Nf6 5. Nd2 Bb4 6. a3 Bxd2+ 7. Bxd2 O-O 8.
Nf3 d6 9. Be2 Bf5 10. O-O Nfg4 11. h3 Nxf3+ 12. Bxf3 Ne5 13. b3 Rb8 14. Bc3 Qf6
15. Bxe5 Qxe5 16. Qd4 Rfe8 17. Qxa7 Be4 18. Bxe4 Qxe4 19. Qd4 Qc2 20. b4 Re4 21.
Rfc1 Qxc1+ 22. Rxc1 Rxd4 23. exd4 Ra8 24. Ra1 Ra4 25. f4 f5 26. d5 Kf7 27. Kf2
Kg6 28. Ke3 Kh5 29. g3 h6 30. Kf3 g5 31. Ra2 b6 32. Ra1 Kg6 33. Ra2 Kf6 34. Ra1
Kf7 35. Ra2 Kg6 36. Ra1 h5 37. fxg5 Kxg5 38. h4+ Kf6 39. Kf4 Kg6 40. Re1 Rxa3
41. Re6+ Kf7 42. Rh6 Kg7 43. Rxh5 Ra4 44. Kxf5 Rxb4 45. Rg5+ Kh7 46. Rg4 b5 47.
cxb5 Rxb5 48. Ke6 Rc5 49. Rf4 Kg6 50. g4 Rc1 51. Rf5 Rg1 52. h5+ Kh6 53. Rf6+
Kh7 54. Rg6 Rd1 55. g5 Rh1 56. Rh6+ Kg7 57. Kd7 Rd1 58. Kxc7 Rxd5 59. Rg6+ Kh7
60. Kc6 Ra5 61. Kd7 d5 62. Rd6 d4 63. g6+ Kg7 64. Ke6 Rxh5 65. Rxd4 1/2-1/2

[Event "AUTO-MASTER-2402"]
[Site "http://www.queenalice.com/game.php?id=1399280"]
[Date "2015.12.17"]
[Round "1"]
[White "KLEOJ"]
[Black "Lightbug"]
[Result "1-0"]
[WhiteElo "2130"]
[BlackElo "2067"]

1. Nc3 d5 2. e4 dxe4 3. Nxe4 Bf5 4. Ng3 Bg6 5. Nf3 e6 6. Bc4 Nf6 7. Ne5 Nbd7 8.
Nxg6 hxg6 9. d3 Bd6 10. Be3 Bxg3 11. fxg3 Ne5 12. Bb3 Neg4 13. Bg1 Nh6 14. Qf3
c6 15. O-O-O Nf5 16. Bc5 Nd4 17. Bxd4 Qxd4 18. h3 Ke7 19. c3 Qd6 20. g4 Nd7 21.
d4 f6 22. Rhe1 e5 23. dxe5 Nxe5 24. Rxd6 1-0

[Event "AUTO-MASTER-2371"]
[Site "http://www.queenalice.com/game.php?id=1401021"]
[Date "2015.12.29"]
[Round "2"]
[White "helly"]
[Black "Lightbug"]
[Result "1-0"]
[WhiteElo "2360"]
[BlackElo "2071"]

1. e4 e6 2. d4 d5 3. e5 c5 4. c3 Qb6 5. Nf3 Nc6 6. Bd3 Bd7 7. dxc5 Bxc5 8. O-O
Nge7 9. b4 Nxb4 10. cxb4 Bxb4 11. Na3 Bc3 12. Rb1 Qc7 13. Nb5 Bxb5 14. Bxb5+ Nc6
15. Ba3 Bxe5 16. Nxe5 Qxe5 17. Bxc6+ bxc6 18. Rb7 Qc3 19. Qa4 1-0

[Event "AUTO-MASTER-2371"]
[Site "http://www.queenalice.com/game.php?id=1401022"]
[Date "2015.12.29"]
[Round "2"]
[White "Lightbug"]
[Black "helly"]
[Result "0-1"]
[WhiteElo "2076"]
[BlackElo "2356"]

1. d4 d5 2. c4 e6 3. Nf3 Nf6 4. e3 Be7 5. Nc3 O-O 6. Bd3 c5 7. cxd5 exd5 8. O-O
c4 9. Bc2 Nc6 10. Re1 Bg4 11. h3 Bh5 12. b3 Nb4 13. Bf5 Re8 14. bxc4 dxc4 15. a3
Qa5 16. Bb2 Qxf5 17. axb4 Bxb4 0-1

[Event "AUTO-MASTER-2371"]
[Site "http://www.queenalice.com/game.php?id=1401025"]
[Date "2015.12.29"]
[Round "2"]
[White "Lightbug"]
[Black "Rutty"]
[Result "1/2-1/2"]
[WhiteElo "1997"]
[BlackElo "2052"]

1. d4 d5 2. c4 c6 3. Nf3 Nf6 4. e3 Bg4 5. cxd5 cxd5 6. Be2 e6 7. O-O Nc6 8. h3
Bh5 9. Nh2 Bg6 10. Ng4 Bd6 11. Nxf6+ Qxf6 12. Nd2 O-O 13. a3 Rac8 14. Nf3 Na5
15. Bd2 Nc4 16. Bc3 a6 17. Bxc4 Rxc4 18. Nd2 Rc6 19. Nf3 Bh5 20. Re1 Bxf3 21.
Qxf3 Qxf3 22. gxf3 Rfc8 23. e4 f6 24. Kg2 Kf7 25. Bd2 g6 26. Rac1 b5 27. b4 Rc2
28. Be3 R8c4 29. Rxc2 Rxc2 30. Rc1 Rc4 31. h4 h5 32. Kh3 Ke7 33. exd5 exd5 34.
f4 Ke6 35. Kg3 Kf5 36. Kf3 Bc7 37. Rxc4 bxc4 38. Bd2 Ke6 39. Ke2 Kd7 40. Kd1 Kc6
41. a4 f5 42. Kc2 1/2-1/2

[Event "AUTO-MASTER-2371"]
[Site "http://www.queenalice.com/game.php?id=1401026"]
[Date "2015.12.29"]
[Round "2"]
[White "Rutty"]
[Black "Lightbug"]
[Result "1-0"]
[WhiteElo "2041"]
[BlackElo "2032"]

1. e4 e6 2. d4 d5 3. e5 c5 4. c3 Qb6 5. Nf3 Nc6 6. Be2 Bd7 7. O-O Rc8 8. b3 cxd4
9. cxd4 Nge7 10. a3 Nf5 11. Bb2 Be7 12. b4 O-O 13. Qd3 f6 14. Nbd2 Qc7 15. Rac1
Qb8 16. Nb3 b6 17. Bd1 fxe5 18. Nxe5 Nxe5 19. dxe5 Bg5 20. f4 Bd8 21. Bg4 Ba4
22. Bxf5 Rxf5 23. Rxc8 Qxc8 24. Nd4 Rf8 25. f5 Bd7 26. Rc1 Qb8 27. fxe6 Be8 28.
Nc6 1-0

[Event "AUTO-MASTER-2555"]
[Site "http://www.queenalice.com/game.php?id=1460790"]
[Date "2017.1.22"]
[Round "1"]
[White "Lightbug"]
[Black "roserl"]
[Result "1/2-1/2"]
[WhiteElo "1985"]
[BlackElo "2026"]

1. d4 d5 2. c4 e6 3. Nf3 Nf6 4. Nc3 c5 5. cxd5 Nxd5 6. e3 cxd4 7. Nxd5 exd5 8.
exd4 Bb4+ 9. Bd2 Qe7+ 10. Be2 O-O 11. O-O Bxd2 12. Qxd2 Nc6 13. a3 Bg4 14. Rfe1
Qf6 15. Rad1 a6 16. h3 Bh5 17. Nh2 Bxe2 18. Rxe2 h6 19. Nf3 b5 20. Ne5 Qd6 21.
Nxc6 Qxc6 22. Rc1 Qd6 23. Rc3 Rfe8 24. Rce3 Rxe3 25. Rxe3 Rc8 26. Rc3 Rc4 27.
Rf3 Qc7 28. Rc3 Rxc3 29. bxc3 Qe7 30. Qc1 Qe2 31. Qa1 Qc4 32. Qb2 Qd3 33. Qb3
Qe4 34. Qd1 Qe7 1/2-1/2

[Event "AUTO-MASTER-2555"]
[Site "http://www.queenalice.com/game.php?id=1460791"]
[Date "2017.1.22"]
[Round "1"]
[White "roserl"]
[Black "Lightbug"]
[Result "1/2-1/2"]
[WhiteElo "1985"]
[BlackElo "2008"]

1. e4 e6 2. d4 d5 3. e5 c5 4. c3 Qb6 5. Nf3 Nc6 6. Be2 Bd7 7. O-O Rc8 8. b3 cxd4
9. cxd4 Nh6 10. Bxh6 gxh6 11. a3 Na5 12. Nbd2 Bb5 13. Bxb5+ Qxb5 14. b4 Nc4 15.
Nb3 b6 16. Nbd2 Nxd2 17. Qxd2 Bg7 18. Rac1 O-O 19. h3 Qa6 20. Qe3 Rxc1 21. Rxc1
Rc8 22. Rxc8+ Qxc8 23. Nh2 Qd8 24. Ng4 Qg5 25. Qc3 h5 26. Qc8+ Bf8 27. Nf6+ Kg7
28. Qc2 Qg6 29. Ne8+ Kg8 30. Qc3 h4 31. Nd6 Bh6 32. Nc8 Qb1+ 33. Kh2 Bf4+ 34. g3
hxg3+ 35. fxg3 Qa2+ 36. Kg1 Bg5 37. h4 Bd8 38. Nxa7 Qc4 39. Qxc4 dxc4 40. Nb5 f6
41. Kf2 Kg7 42. exf6+ Kxf6 43. Kf3 h5 44. g4 hxg4+ 45. Kxg4 Kg6 46. Nc3 Bf6 47.
Nb5 e5 48. dxe5 Bxe5 49. a4 c3 50. Na3 Bd6 51. Nc2 Be7 52. a5 bxa5 53. bxa5 Bc5
54. a6 Ba7 55. Nb4 Bb6 56. h5+ Kh6 57. Nc2 Bc5 1/2-1/2

[Event "AUTO-MASTER-2555"]
[Site "http://www.queenalice.com/game.php?id=1460792"]
[Date "2017.1.22"]
[Round "1"]
[White "Lightbug"]
[Black "abelhm"]
[Result "0-1"]
[WhiteElo "1997"]
[BlackElo "2205"]

1. d4 e6 2. c4 c5 3. d5 exd5 4. cxd5 d6 5. Nc3 g6 6. Nf3 Bg4 7. e4 Bg7 8. Be2
Nf6 9. O-O O-O 10. h3 Bxf3 11. Bxf3 Nbd7 12. Bf4 Qb6 13. Qc2 Rfe8 14. Rfe1 Ne5
15. Bxe5 Rxe5 16. Rab1 Rae8 17. a3 Nh5 18. b4 cxb4 19. Rxb4 Qc7 20. Qb3 R5e7 21.
Nb5 Qc5 22. Rc4 Qb6 23. Rb1 Nf6 24. Nc3 Qd8 25. Rb4 b6 26. Ra4 Qb8 27. Rb4 Nd7
28. Qc2 Rc8 29. R4b3 Nc5 30. Rb4 Nxe4 31. Rxe4 Rxe4 32. Qxe4 Rxc3 33. a4 Qc8 34.
Qe7 Be5 35. Qg5 Ra3 36. Qh4 Ra1 37. Rxa1 Bxa1 38. g3 Qe8 39. Kg2 Qe5 40. Qd8+
Kg7 41. Qc7 Bd4 42. Qxa7 Qe1 0-1

[Event "AUTO-MASTER-2555"]
[Site "http://www.queenalice.com/game.php?id=1460793"]
[Date "2017.1.22"]
[Round "1"]
[White "abelhm"]
[Black "Lightbug"]
[Result "1-0"]
[WhiteElo "2189"]
[BlackElo "1989"]

1. e4 e6 2. d4 d5 3. e5 c5 4. c3 Qb6 5. Nf3 Nc6 6. Bd3 Bd7 7. O-O Nge7 8. Bc2
Nf5 9. Bxf5 exf5 10. Re1 Be7 11. b3 O-O 12. Bb2 cxd4 13. cxd4 h6 14. Nc3 Be6 15.
Na4 Qa5 16. Bc3 Qd8 17. Qd3 a6 18. Rac1 Rc8 19. Bd2 b5 20. Nc5 Qb6 21. b4 Ra8
22. Qc2 Rac8 23. a4 Nd8 24. a5 Qa7 25. Qd3 Nc6 26. Rc2 Rc7 27. Rec1 Rfc8 28. g3
Kh8 29. Ne1 Kg8 30. Ng2 Kh8 31. Nf4 Nd8 32. Ng2 Nc6 33. Ne3 g6 34. Ng2 Kg7 35.
Nf4 Bxc5 36. dxc5 Kh7 37. Nxd5 Bxd5 38. Qxd5 Nd8 39. Be3 Rc6 40. Rd1 Qe7 41.
Rcd2 Ne6 42. Qb3 Rd8 43. Rxd8 Nxd8 44. Rd6 Kg7 45. Qd5 Qe8 46. Rxd8 1-0

[Event "AUTO-MASTER-2557"]
[Site "http://www.queenalice.com/game.php?id=1461820"]
[Date "2017.1.29"]
[Round "1"]
[White "Guilherme_Ottoni"]
[Black "Lightbug"]
[Result "1/2-1/2"]
[WhiteElo "2222"]
[BlackElo "1988"]

1. e4 e6 2. d4 d5 3. Nc3 Nf6 4. e5 Nfd7 5. f4 c5 6. Nf3 Nc6 7. Be3 Qb6 8. Na4
Qa5+ 9. Nc3 cxd4 10. Nxd4 Nxd4 11. Bxd4 Bc5 12. Be2 O-O 13. O-O Bxd4+ 14. Qxd4
a6 15. a3 Qb6 16. Qxb6 Nxb6 17. Bd3 Bd7 18. Ne2 Rac8 19. Nd4 Nc4 20. b3 Ne3 21.
Rf3 Ng4 22. Rg3 Nh6 23. Rc1 f6 24. exf6 Rxf6 25. Rf3 Rcf8 26. Rcf1 1/2-1/2

[Event "AUTO-MASTER-2557"]
[Site "http://www.queenalice.com/game.php?id=1461821"]
[Date "2017.1.29"]
[Round "1"]
[White "Lightbug"]
[Black "Guilherme_Ottoni"]
[Result "1/2-1/2"]
[WhiteElo "1988"]
[BlackElo "2208"]

1. d4 d5 2. c4 dxc4 3. Nf3 Nf6 4. e3 e6 5. Bxc4 a6 6. O-O c5 7. Nc3 b5 8. Bd3
Bb7 9. b3 cxd4 10. Nxd4 Bc5 11. Nf3 Nc6 12. Bb2 O-O 13. Ne4 Be7 14. Rc1 Na5 15.
Nxf6+ Bxf6 16. Bxf6 Qxf6 17. Be2 Rfd8 18. Qe1 Nc6 19. Qc3 Qxc3 20. Rxc3 Rac8 21.
Rfc1 Ne7 22. Rxc8 Rxc8 23. Rxc8+ Nxc8 24. h3 1/2-1/2

[Event "AUTO-MASTER-2557"]
[Site "http://www.queenalice.com/game.php?id=1461836"]
[Date "2017.1.29"]
[Round "1"]
[White "sallesandre88"]
[Black "Lightbug"]
[Result "0-1"]
[WhiteElo "2119"]
[BlackElo "1963"]

1. e4 e6 2. Nf3 d5 3. e5 c5 4. Nc3 Nc6 5. Bb5 Bd7 6. O-O Rc8 7. d4 Qb6 8. Be3 a6
9. Bxc6 Bxc6 10. b3 cxd4 11. Bxd4 Qa5 12. a4 Bb4 13. Na2 Be7 14. Nc1 Nh6 15. h3
Nf5 16. Nd3 Nxd4 17. Nxd4 Bd7 18. Qg4 O-O 19. Nf4 Kh8 20. Nh5 Rg8 21. Rad1 Rc3
22. Qf4 Rf8 23. Nf3 Qb4 24. Qd2 Rfc8 25. Rc1 Qe4 26. Rfe1 Qf5 27. Ng3 Qg6 28.
Re2 h6 29. h4 Ba3 30. Ra1 Bb2 31. Ra2 Rxc2 32. Qe3 Bc1 33. Qb6 Rxa2 34. Rxa2 Qb1
35. Re2 Be3+ 36. Re1 Qxe1+ 37. Nxe1 Bxb6 38. Nf3 Rc1+ 39. Kh2 Bxf2 40. Ne2 Rb1
41. g4 Rxb3 42. Nfd4 Bxd4 43. Nxd4 Rb4 44. Nf3 Rxg4 45. Kh3 Rxa4 0-1

[Event "AUTO-MASTER-2557"]
[Site "http://www.queenalice.com/game.php?id=1461837"]
[Date "2017.1.29"]
[Round "1"]
[White "Lightbug"]
[Black "sallesandre88"]
[Result "1-0"]
[WhiteElo "1987"]
[BlackElo "2103"]

1. d4 d5 2. c4 e6 3. Nf3 Nc6 4. e3 Nf6 5. Nc3 Bb4 6. Bd2 a6 7. Bd3 O-O 8. O-O h6
9. a3 Bxc3 10. Bxc3 b6 11. Rc1 dxc4 12. Bxc4 b5 13. Bd3 Bb7 14. Re1 Nd5 15. e4
Nf4 16. Bb1 Ne7 17. Bd2 Neg6 18. Bxf4 Nxf4 19. Qc2 f5 20. Qxc7 Qxc7 21. Rxc7
Bxe4 22. Bxe4 fxe4 23. Rxe4 Rac8 24. Rxc8 Rxc8 25. g3 Rc1+ 26. Re1 Rxe1+ 27.
Nxe1 Ne2+ 28. Kg2 Nxd4 29. f4 Kf7 30. Nd3 Nf5 31. b4 Ne3+ 32. Kf3 Nc2 33. Nc5
Nxa3 34. Nxa6 Nc2 35. Ke4 Kf6 36. Kd3 Na3 37. Kc3 Nc4 38. Nc7 Nd6 39. Kd4 g5 40.
fxg5+ hxg5 41. Kc5 Ke7 42. Nxb5 Ne4+ 43. Kd4 Nf6 44. h3 Nd7 45. Nc3 Kf6 46. g4
Ke7 47. b5 Kd6 48. Ne4+ Kc7 49. Nxg5 e5+ 50. Ke4 Kb6 51. Nf7 Kxb5 52. Nxe5 Nf6+
53. Kf5 Ng8 54. g5 Ne7+ 55. Ke6 Nc8 56. g6 1-0

[Event "AUTO-MASTER-2557"]
[Site "http://www.queenalice.com/game.php?id=1461848"]
[Date "2017.1.29"]
[Round "1"]
[White "Lightbug"]
[Black "tariann"]
[Result "0-1"]
[WhiteElo "1981"]
[BlackElo "2186"]

1. d4 d5 2. c4 c5 3. cxd5 Qxd5 4. e3 Nc6 5. Nc3 Qd8 6. Nf3 Bg4 7. Be2 cxd4 8.
exd4 e6 9. O-O Nf6 10. h3 Bh5 11. Be3 Be7 12. a3 O-O 13. Qd2 Rc8 14. Rfd1 Qc7
15. Rac1 a6 16. Nh2 Bxe2 17. Qxe2 Rfd8 18. Ng4 Nxg4 19. Qxg4 Bf8 20. Ne2 Qe7 21.
Bg5 f6 22. Bh4 Qf7 23. Bg3 Rd7 24. Qe4 Rcd8 25. Bf4 e5 26. Be3 f5 27. Qd3 f4 28.
Bd2 Nxd4 29. Nxd4 Rxd4 30. Qe2 Qd5 0-1

[Event "AUTO-MASTER-2557"]
[Site "http://www.queenalice.com/game.php?id=1461849"]
[Date "2017.1.29"]
[Round "1"]
[White "tariann"]
[Black "Lightbug"]
[Result "1-0"]
[WhiteElo "2177"]
[BlackElo "1997"]

1. e4 e6 2. d4 d5 3. Nc3 Nf6 4. e5 Nfd7 5. f4 c5 6. Nf3 Nc6 7. Bb5 a6 8. Bxc6
bxc6 9. O-O cxd4 10. Nxd4 Qc7 11. Kh1 c5 12. Nb3 c4 13. Nd4 Nc5 14. Qf3 Bd7 15.
f5 Qxe5 16. fxe6 Bxe6 17. Nxe6 Qxe6 18. Nxd5 Be7 19. Nc7+ 1-0